000 00501nam a2200181Ia 4500
008 151018s9999 xx 000 0 und d
082 _bRBASDV56828
_a891.463
100 _aयशवंत आठल्ये
245 _aबाहुलं
250 _b1
260 _bनवल
_c2011
300 _a180
600 _aयशवंत आठल्ये
630 _aबाहुलं
700 _aयशवंत आठल्ये
730 _aबाहुलं
942 _cBOOK
999 _c1052282
_d1052279